1463 1632 1132 1672 1612 1407 1083 1027 1691 1529 1422 1289 1928 1708 1922 1913 1045 1313 1093 1310 1571 1043 1652 1119 1219 1282 1630 1907 1377 1240 1787 1683 1698 1009 1981 1496 1036 1206 1612 1031 1975 1473 1886 1163 1993 1561 1557 1612 1240 1046 1941 1774 1083 1665 1306 1526 1010 1886 1377 1158 1452 1149 1965 1264 1381 1427 1854 1298 1180 1631 1660 1768 1155 1567 1702 1902 1446 1163 1812 1616 1739 1514 1242 1529 1776 1909 1317 1107 1330 1005 1400 1186 1959 1256 1777 1963 1915 1108 1289 BCNSPRNW ULIB Ver.6.0+V

เปลี่ยนเป็นภาษาไทย

Change to English
 แสดงรายละเอียดบรรณานุกรม
  กลับหน้าหลัก

Brief Record : Get Marc (ISO 2709) : E-mail record : QR code < ปิดหน้าต่าง
LEADER : 00000nam 2200000uu 4500
001    13399128674
003     ULIB
008    230928s||||||||th 000 0 tha d
020    ^a9786163920638
060    ^aWS440^bก728น
100    ^aกุลวรากร เอกอัครากุล
245    ^aนิทานสร้างเสริมลักษณะนิสัย สอนให้เด็ก ๆ รู้จักป้องกันตนเองจากอันตราย แมวเหมียวเล่นซนในบ้าน
250    ^aพิมพ์ครั้งที่ 1
260    ^aกรุงเทพฯ :^bโลกหนังสือ,^c2560
300    ^a10 หน้า;^c19 ซม.
650    ^aนิทานเด็ก
650    ^aเด็ก-พัฒนาการ
945    ^p60^l0^i30046
999    ^aกัณชพร จุลอักษร
รายการนี้ยังไม่มีแท็ก
คุณยังไม่ได้ล็อกอิน คุณสามารถมีกิจกรรมร่วมกับเว็บไซต์ได้ แต่ต้องล็อกอินก่อน ::
  ล็อกอิน

รายการสื่อสารสนเทศ

ลำดับที่ ประเภท เลขเรียก/บาร์โค้ด สถานที่ สถานะ
1. วิทยาศาสตร์การแพทย์ และสุขภาพ
วิทยาศาสตร์การแพทย์ และสุขภาพ
WS440 ก728น ฉ.1 
  Barcode: 30046
ห้องสมุดวิทยาเขตนครสวรรค์
►หนังสือทั่วไป:l:General Books
บนชั้น

รายการใกล้เคียง
    ชื่อเรื่อง [นิทานสร้างเสริมลักษณะนิสัย สอนให้เด็ก ๆ รู้จักป้องกันตนเองจากอันตราย แมวเหมียวเล่นซนในบ้าน]

    ผู้แต่ง [กุลวรากร เอกอัครากุล]

    หัวเรื่อง [นิทานเด็ก]
    หัวเรื่อง [เด็ก-พัฒนาการ]

BibComment


ยังไม่เคยถูกคอมเมนท์

คอมเมนท์ทรัพยากรรายการนี้
  คอมเมนท์: นิทานสร้างเสริมล..


 Copyright 2026. Bcnsprnw @Library